Understanding health policy (Record no. 321)

000 -LEADER
fixed length control field 02036nam a22004697a 4500
001 - CONTROL NUMBER
control field 1144922889
003 - CONTROL NUMBER IDENTIFIER
control field OCoLC
005 - DATE AND TIME OF LATEST TRANSACTION
control field 20210419081451.0
008 - FIXED-LENGTH DATA ELEMENTS--GENERAL INFORMATION
fixed length control field 200316s2020 nyua ob 000 0 eng d
020 ## - INTERNATIONAL STANDARD BOOK NUMBER
International Standard Book Number 9781260454260
020 ## - INTERNATIONAL STANDARD BOOK NUMBER
Canceled/invalid ISBN 1260454266
035 ## - SYSTEM CONTROL NUMBER
System control number (OCoLC)1144922889
040 ## - CATALOGING SOURCE
Original cataloging agency PFM
Language of cataloging eng
Description conventions rda
-- pn
Transcribing agency PFM
Modifying agency INM
-- OCLCO
-- YYE
049 ## - LOCAL HOLDINGS (OCLC)
Holding library YYEA
-- VZYM
080 ## - UNIVERSAL DECIMAL CLASSIFICATION NUMBER
Universal Decimal Classification number 614
Item number B-69
099 ## - LOCAL FREE-TEXT CALL NUMBER (OCLC)
Classification number INTERNET LINK
100 1# - MAIN ENTRY--PERSONAL NAME
Personal name Bodenheimer, Thomas.
245 10 - TITLE STATEMENT
Title Understanding health policy
Medium [electronic resource] :
Remainder of title a clinical approach /
Statement of responsibility, etc. Thomas Bodenheimer, Kevin Grumbach.
250 ## - EDITION STATEMENT
Edition statement 8th ed.
260 ## - PUBLICATION, DISTRIBUTION, ETC.
Place of publication, distribution, etc. New York :
Name of publisher, distributor, etc. McGraw-Hill Education,
Date of publication, distribution, etc. 2020.
300 ## - PHYSICAL DESCRIPTION
Extent 1 online resource : 228 p.
Other physical details color illustrations.
Dimensions ill
365 ## - TRADE PRICE
Price amount 30.82 usd
500 ## - GENERAL NOTE
General note "A Lange medical book."
500 ## - GENERAL NOTE
General note "ISSN 1080-9465"--Copyright.
500 ## - GENERAL NOTE
General note EINSTEIN & MMC: available online via AccessMedicine. See Reference staff for assistance.
504 ## - BIBLIOGRAPHY, ETC. NOTE
Bibliography, etc. note Includes bibliographical references.
520 ## - SUMMARY, ETC.
Summary, etc. "Understanding Health Policy: A Clinical Approach is a book about health policy as well as individual patients and caregivers and how they interact with each other and with the overall health system."--Preface.
588 0# - SOURCE OF DESCRIPTION NOTE
Source of description note Description based on print version record.
650 #2 - SUBJECT ADDED ENTRY--TOPICAL TERM
Topical term or geographic name entry element Health Policy.
650 #2 - SUBJECT ADDED ENTRY--TOPICAL TERM
Topical term or geographic name entry element Health Care Costs.
650 #2 - SUBJECT ADDED ENTRY--TOPICAL TERM
Topical term or geographic name entry element Health Care Rationing.
650 #2 - SUBJECT ADDED ENTRY--TOPICAL TERM
Topical term or geographic name entry element National Health Insurance, United States.
653 ## - INDEX TERM--UNCONTROLLED
Uncontrolled term ჯანდაცვა
653 ## - INDEX TERM--UNCONTROLLED
Uncontrolled term ჯანდაცვის პოლიტიკა
655 #7 - INDEX TERM--GENRE/FORM
Genre/form data or focus term Electronic books.
700 1# - ADDED ENTRY--PERSONAL NAME
Personal name Grumbach, Kevin.
700 ## - ADDED ENTRY--PERSONAL NAME
Personal name Bodenheimer,thomas
9 (RLIN) 203
710 2# - ADDED ENTRY--CORPORATE NAME
Corporate name or jurisdiction name as entry element AccessMedicine (Online Service)
856 40 - ELECTRONIC LOCATION AND ACCESS
Materials specified AccessMedicine
Uniform Resource Identifier <a href="https://elibrary.einsteinmed.org/login?url=https://accessmedicine.mhmedical.com/book.aspx?bookid=2853">https://elibrary.einsteinmed.org/login?url=https://accessmedicine.mhmedical.com/book.aspx?bookid=2853</a>
Public note EINSTEIN: AccessMedicine ebook collection
856 41 - ELECTRONIC LOCATION AND ACCESS
Materials specified AccessMedicine
Uniform Resource Identifier <a href="https://accessmedicine.mhmedical.com/book.aspx?bookid=2853">https://accessmedicine.mhmedical.com/book.aspx?bookid=2853</a>
Public note MMC: AccessMedicine ebook collection
942 ## - ADDED ENTRY ELEMENTS (KOHA)
Source of classification or shelving scheme
Koha item type Books
Holdings
Withdrawn status Lost status Source of classification or shelving scheme Damaged status Not for loan Permanent location Current location Date acquired Inventory number Total Checkouts Full call number Barcode Date last seen Price effective from Koha item type
          Ken Walker International University Ken Walker International University 11/20/2020 1012   614 B-69 1012 11/20/2020 11/20/2020 Books
          Ken Walker International University Ken Walker International University 11/20/2020 1013   614 B-69 1013 11/20/2020 11/20/2020 Books

Powered by Koha